000 00339nam a2200157Ia 4500
100 _aMokashi V.S.
490 _vI
942 _cBK
654 _aMechanics.vol 1
245 _aEngineering Mechanics.Vol 1
260 _bTata Mc Graw hill
_aNew Delhi
_c1995
082 _a620.1
_bMOK
300 _a536
546 _aENGLISH
999 _c35339
_d35339